Осенний вальс (Запись № 12041710)

Подробности
000 -МАРКЕР
контрольное поле 01320nam0a2200325 4500
001 - ИДЕНТИФИКАТОР ЗАПИСИ
контрольное поле RU\NLR\BIBL_A\011838107
005 - ИДЕНТИФИКАТОР ВЕРСИИ
контрольное поле 20181108151220.0
010 ## - МЕЖДУНАРОДНЫЙ СТАНДАРТНЫЙ НОМЕР КНИГИ (ISBN)
Номер (ISBN) 978-5-9908341-2-5
Тираж 100
021 ## - НОМЕР ГОСУДАРСТВЕННОЙ РЕГИСТРАЦИИ
Код страны Российская Федерация
Номер КН-П-18-071045
Номер Листа государственной регистраци КН-П-18-5111
035 ## - ДРУГИЕ СИСТЕМНЫЕ НОМЕРА
Идентификатор записи (NLR Aleph) 011838107
035 ## - ДРУГИЕ СИСТЕМНЫЕ НОМЕРА
Идентификатор записи (RuMoRGB)009750965
100 ## - ДАННЫЕ ОБЩЕЙ ОБРАБОТКИ
Данные общей обработки 20181024d2018 d y0rusy50 ca
101 0# - ЯЗЫК РЕСУРСА
Язык текста, звукозаписи и т.д. русский
102 ## - СТРАНА ПУБЛИКАЦИИ ИЛИ ПРОИЗВОДСТВА
Страна публикации Российская Федерация
105 ## - ПОЛЕ КОДИРОВАННЫХ ДАННЫХ: ТЕКСТОВЫЕ МАТЕРИАЛЫ, МОНОГРАФИЧЕСКИЕ
Кодированные данные о монографическом текстовом документе a|||z|||000gy
200 1# - ЗАГЛАВИЕ И СВЕДЕНИЯ ОБ ОТВЕТСТВЕННОСТИ
Основное заглавие Осенний вальс
Сведения, относящиеся к заглавию [сборник стихов]
Первые сведения об ответственности Жанна Зудрагс
Последующие сведения об ответственности [рисунки художника Леонида Афремова]
210 ## - ПУБЛИКАЦИЯ, РАСПРОСТРАНЕНИЕ И ДР.
Место издания, распространения и т.д. Ивантеевка
Имя издателя, распространителя и т. д. [б. и.]
Дата издания, распространения и т.д. 2018
215 ## - ФИЗИЧЕСКАЯ ХАРАКТЕРИСТИКА
Специфическое обозначение материала и объем 84 с.
Другие сведения о физической характеристике ил.
Размеры 16
327 1# - ПРИМЕЧАНИЯ О СОДЕРЖАНИИ
Текст примечания Содерж.: циклы: О творчестве; Раннее; Осенние ноты; Проза: Осень память мою растревожила; Он улетел, но обещал вернуться; Имя любви
333 ## - ПРИМЕЧАНИЯ ОБ ОСОБЕННОСТЯХ РАСПРОСТРАНЕНИЯ И ИСПОЛЬЗОВАНИЯ
Текст примечания 12+
686 2# - ИНДЕКСЫ ДРУГИХ КЛАССИФИКАЦИЙ
Индекс Ш6(2=Р)8-5
700 #1 - ИМЯ ЛИЦА - ПЕРВИЧНАЯ ОТВЕТСТВЕННОСТЬ
Начальный элемент ввода Зудрагс
Часть имени, кроме начального элемента ввода Ж.И.
Расширение инициалов личного имени Жанна Игоревна
702 #1 - ИМЯ ЛИЦА - ВТОРИЧНАЯ ОТВЕТСТВЕННОСТЬ
Начальный элемент ввода Афремов
Часть имени, кроме начального элемента ввода Л. Л.
Расширение инициалов личного имени Леонид Лазаревич
Код отношения Карикатурист, Художник
942 ## - ДОПОЛНИТЕЛЬНЫЕ ЭЛЕМЕНТЫ ЗАПИСИ (АБИС)
Тип экземпляра АБИС Книга
980 ## - КОЛЛЕКЦИЯ
Название коллекции НБР
980 ## - КОЛЛЕКЦИЯ
Название коллекции Национальная библиография

Нет доступных экземпляров.